Podvodné schémy ako rýchlo zbohatnúť bakalárska práca

Salvato in:
Dettagli Bibliografici
Autore principale: Vágo, Dominik
Ente Autore: Národohospodárska fakulta EU. Katedra bankovníctva a medzinárodných financií
Altri autori: Kotlebová, Jana, 1969-
Natura: Libro
Lingua:slovacco
Pubblicazione: Bratislava 2025
Tags: Aggiungi Tag
Nessun Tag, puoi essere il primo ad aggiungerne!!

MARC

LEADER 00000nbm a2200000 4500
001 0309119
005 20251003142846.4
041 0 |a slo 
044 |a SK 
245 1 0 |a Podvodné schémy ako rýchlo zbohatnúť  |b bakalárska práca  |c Dominik Vágo ; školiteľ: Jana Kotlebová 
264 1 |a Bratislava  |c 2025 
300 |a 46 s. 
100 1 |a Vágo, Dominik 
700 1 |a Kotlebová, Jana, 1969- 
710 2 |a Národohospodárska fakulta EU. Katedra bankovníctva a medzinárodných financií